| 000 | 00581nam a22001937a 4500 | ||
|---|---|---|---|
| 999 |
_c169828 _d169828 |
||
| 005 | 20191205124148.0 | ||
| 010 | _aA-280041 | ||
| 020 |
_c60.00 _a- |
||
| 035 | _aA-280041 | ||
| 037 | _bBPPD | ||
| 082 | _a230.22 | ||
| 100 | _aر تی ر ا م شر ما | ||
| 245 |
_aشر ی شو پر ا ن _cر تی ر ا م شر ما |
||
| 246 |
_aShri Shiv Puran _bby Rati Ram Sharma |
||
| 260 |
_aDelhi _c1961 ء _bHind Pustak Bhandar |
||
| 270 |
_aKhari Bawli ,Fateh Puri _bDelhi _k- _e110006 |
||
| 300 |
_a648 ص _c22 cm(hb) |
||
| 942 |
_2ddc _cUR _h230.22 _mش ر م |
||